Kabale University Library Catalogue

Democracy and capitalism : (Record no. 6046)

MARC details
000 -LEADER
fixed length control field 00896pam a2200277 a 4500
003 - CONTROL NUMBER IDENTIFIER
control field OSt
005 - DATE AND TIME OF LATEST TRANSACTION
control field 20260205130718.0
008 - FIXED-LENGTH DATA ELEMENTS--GENERAL INFORMATION
fixed length control field 260205b |||||||| |||| 00| 0 eng d
020 ## - INTERNATIONAL STANDARD BOOK NUMBER
International Standard Book Number 0465060528
020 ## - INTERNATIONAL STANDARD BOOK NUMBER
International Standard Book Number 0465016014
040 ## - CATALOGING SOURCE
Original cataloging agency KABLIB
Transcribing agency KABLIB
Description conventions rda
082 ## - DEWEY DECIMAL CLASSIFICATION NUMBER
Classification number 321.8
Edition number 23
Item number BOW
100 1# - MAIN ENTRY--PERSONAL NAME
Personal name Bowles, Samuel.
9 (RLIN) 15309
245 10 - TITLE STATEMENT
Title Democracy and capitalism :
Remainder of title property, community, and the contradictions of modern social thought /
Statement of responsibility, etc. Samuel Bowles, Herbert Gintis.
260 ## - PUBLICATION, DISTRIBUTION, ETC.
Place of publication, distribution, etc. New York :
Name of publisher, distributor, etc. Basic Books Inc . ,
Date of publication, distribution, etc. c1986.
300 ## - PHYSICAL DESCRIPTION
Extent x, 244 p. ;
Dimensions 20 cm.
336 ## - CONTENT TYPE
Content type term text
Content type code txt
Source rdacontent
504 ## - BIBLIOGRAPHY, ETC. NOTE
Bibliography, etc. note Includes index .
650 #0 - SUBJECT ADDED ENTRY--TOPICAL TERM
Topical term or geographic name entry element Democracy
650 #0 - SUBJECT ADDED ENTRY--TOPICAL TERM
Topical term or geographic name entry element Capitalism.
650 #0 - SUBJECT ADDED ENTRY--TOPICAL TERM
Topical term or geographic name entry element Economic development.
650 #0 - SUBJECT ADDED ENTRY--TOPICAL TERM
Topical term or geographic name entry element Marxian economics.
9 (RLIN) 11550
700 1# - ADDED ENTRY--PERSONAL NAME
Personal name Gintis, Herbert.
9 (RLIN) 15310
942 ## - ADDED ENTRY ELEMENTS (KOHA)
Source of classification or shelving scheme Dewey Decimal Classification
Koha item type Book
Holdings
Withdrawn status Lost status Source of classification or shelving scheme Damaged status Not for loan Home library Current library Shelving location Date acquired Source of acquisition Total Checkouts Full call number Barcode Date last seen Price effective from Koha item type
    Dewey Decimal Classification     Mukombe Library Mukombe Library Open Access Section 05.02.2026 Donation   321.8 BOW 14491 05.02.2026 05.02.2026 Book

Kabale University Library | Kabale University P.O Box 317, Kabale, Uganda
Tel : +256754017033, +256774661503 E-mail : library@kab.ac.ug